ბათუმის შოთა რუსთაველის სახელმწიფო უნივერსიტეტის ბიბლიოთეკა

Экономика природопользования и рынок (ბიბ.ჩანაწერი № 36949)

000 -LEADER
fixed length control field 00692nam a2200229Ia 4500
001 - CONTROL NUMBER
control field 2900
003 - CONTROL NUMBER IDENTIFIER
control field GE_BSU
008 - FIXED-LENGTH DATA ELEMENTS--GENERAL INFORMATION
fixed length control field 181216s||||||||xx |||||||||||||| ||und||
020 ## - INTERNATIONAL STANDARD BOOK NUMBER
International Standard Book Number 58171025x
040 ## - CATALOGING SOURCE
Transcribing agency GE_BSU
080 ## - UNIVERSAL DECIMAL CLASSIFICATION NUMBER
Universal Decimal Classification number 33(075.8)+502
100 ## - MAIN ENTRY--PERSONAL NAME
Personal name П.М. Нестеров, А.П Нестеров
245 ## - TITLE STATEMENT
Title Экономика природопользования и рынок
245 ## - TITLE STATEMENT
Remainder of title Учебник для вузов
260 ## - PUBLICATION, DISTRIBUTION, ETC.
Place of publication, distribution, etc. Москва
260 ## - PUBLICATION, DISTRIBUTION, ETC.
Name of publisher, distributor, etc. Закон и право Юнити
260 ## - PUBLICATION, DISTRIBUTION, ETC.
Date of publication, distribution, etc. 1997
300 ## - PHYSICAL DESCRIPTION
Extent 413 с. 21 см.
653 ## - INDEX TERM--UNCONTROLLED
Uncontrolled term Экономика природопользования и рынок
942 ## - ADDED ENTRY ELEMENTS (KOHA)
Koha item type წიგნი
ეგზემპლარები
Withdrawn status Lost status Damaged status Not for loan Date acquired Barcode Date last seen Price effective from Koha item type Public note
        2018-12-17 7890 2018-12-17 2018-12-17 წიგნი დარბაზი
        2018-12-17 7891 2018-12-17 2018-12-17 წიგნი დარბაზი
        2018-12-17 8157 2018-12-17 2018-12-17 წიგნი დარბაზი